<?xml version="1.0" encoding="UTF-8"?>
<record
    xmlns:xsi="http://www.w3.org/2001/XMLSchema-instance"
    xsi:schemaLocation="http://www.loc.gov/MARC21/slim http://www.loc.gov/standards/marcxml/schema/MARC21slim.xsd"
    xmlns="http://www.loc.gov/MARC21/slim">

  <leader>00517nam a2200169Ia 4500</leader>
  <controlfield tag="008">230718s9999    xx            000 0 und d</controlfield>
  <datafield tag="020" ind1=" " ind2=" ">
    <subfield code="a">9789352138647</subfield>
  </datafield>
  <datafield tag="041" ind1=" " ind2=" ">
    <subfield code="a">eng</subfield>
  </datafield>
  <datafield tag="082" ind1=" " ind2=" ">
    <subfield code="a">006.3</subfield>
    <subfield code="b">CAS</subfield>
  </datafield>
  <datafield tag="100" ind1=" " ind2=" ">
    <subfield code="a">Castrounis A.</subfield>
    <subfield code="9">201719</subfield>
  </datafield>
  <datafield tag="245" ind1=" " ind2=" ">
    <subfield code="a">AI for People and Business</subfield>
    <subfield code="b">A Framework For Better Human Experiences And Business Success</subfield>
  </datafield>
  <datafield tag="260" ind1=" " ind2=" ">
    <subfield code="c">2019</subfield>
    <subfield code="b">SPD / O'reilly</subfield>
  </datafield>
  <datafield tag="300" ind1=" " ind2=" ">
    <subfield code="a">297</subfield>
  </datafield>
  <datafield tag="365" ind1=" " ind2=" ">
    <subfield code="c">Rs.</subfield>
    <subfield code="b">1100.00</subfield>
  </datafield>
  <datafield tag="700" ind1=" " ind2=" ">
    <subfield code="a">Castrounis A.</subfield>
    <subfield code="9">201719</subfield>
  </datafield>
  <datafield tag="906" ind1=" " ind2=" ">
    <subfield code="d">O:0667024-Sep-2019B:IN48707-Sep-2019</subfield>
    <subfield code="c">TC</subfield>
    <subfield code="b">275</subfield>
  </datafield>
  <datafield tag="999" ind1=" " ind2=" ">
    <subfield code="c">350445</subfield>
    <subfield code="d">350445</subfield>
  </datafield>
  <datafield tag="952" ind1=" " ind2=" ">
    <subfield code="0">0</subfield>
    <subfield code="1">0</subfield>
    <subfield code="4">0</subfield>
    <subfield code="7">0</subfield>
    <subfield code="a">CCEP</subfield>
    <subfield code="b">CCEP</subfield>
    <subfield code="d">2019-09-24</subfield>
    <subfield code="e">Pradeep Book Distributors</subfield>
    <subfield code="f">TC</subfield>
    <subfield code="g">825.00</subfield>
    <subfield code="i">IN487</subfield>
    <subfield code="l">5</subfield>
    <subfield code="o">006.3</subfield>
    <subfield code="p">CCEP-BK-61652</subfield>
    <subfield code="r">2025-05-30 00:00:00</subfield>
    <subfield code="s">2025-05-08</subfield>
    <subfield code="t">275</subfield>
    <subfield code="v">1100.00</subfield>
    <subfield code="w">2019-09-07</subfield>
    <subfield code="y">BK</subfield>
    <subfield code="z">061652</subfield>
  </datafield>
</record>
